| 000 -LEADER |
| fixed length control field |
00275nam a22001217a 4500 |
| 008 - FIXED-LENGTH DATA ELEMENTS--GENERAL INFORMATION |
| fixed length control field |
250206b ||||| |||| 00| 0 eng d |
| 020 ## - INTERNATIONAL STANDARD BOOK NUMBER |
| International Standard Book Number |
9781406280715 |
| 082 ## - DEWEY DECIMAL CLASSIFICATION NUMBER |
| Classification number |
591.77 |
| 100 ## - MAIN ENTRY--PERSONAL NAME |
| Personal name |
SMITH,SIAN |
| Relator term |
EDITOR |
| 245 ## - TITLE STATEMENT |
| Title |
SEA ANIMALS |
| 260 ## - PUBLICATION, DISTRIBUTION, ETC. |
| Place of publication, distribution, etc. |
LONDON |
| Name of publisher, distributor, etc. |
raintree |
| 942 ## - ADDED ENTRY ELEMENTS (KOHA) |
| Source of classification or shelving scheme |
|